LMP fundamental theory / (Record no. 284537)
[ view plain ]
| 000 -LEADER | |
|---|---|
| fixed length control field | 00752nam a2200253 u 4500 |
| 001 - CONTROL NUMBER | |
| control field | 000776724 |
| 003 - CONTROL NUMBER IDENTIFIER | |
| control field | AM-YeHGA |
| 005 - DATE AND TIME OF LATEST TRANSACTION | |
| control field | 20250617143944.0 |
| 008 - FIXED-LENGTH DATA ELEMENTS--GENERAL INFORMATION | |
| fixed length control field | 101206s2010 ai r 000 0 eng d |
| 020 ## - INTERNATIONAL STANDARD BOOK NUMBER | |
| International Standard Book Number | 9789939824031 |
| 040 ## - CATALOGING SOURCE | |
| Original cataloging agency | AM-YeHGA |
| 041 0# - LANGUAGE CODE | |
| Language code of text/sound track or separate title | eng |
| 090 ## - LOCALLY ASSIGNED LC-TYPE CALL NUMBER (OCLC); LOCAL CALL NUMBER (RLIN) | |
| -- | 286199 |
| 100 1# - MAIN ENTRY--PERSONAL NAME | |
| Personal name | Arakelian, Hrant |
| Dates associated with a name | 1947 |
| 245 10 - TITLE STATEMENT | |
| Title | LMP fundamental theory / |
| Statement of responsibility, etc. | Hrant Arakelian ; Armenian National Academy of Science, Institute of Philosophy, Sociology and Law. |
| 246 30 - VARYING FORM OF TITLE | |
| Title proper/short title | Fundamental theory |
| 246 13 - VARYING FORM OF TITLE | |
| Title proper/short title | LMP-Theory |
| 260 ## - PUBLICATION, DISTRIBUTION, ETC. | |
| Place of publication, distribution, etc. | Yerevan : |
| Name of publisher, distributor, etc. | Sarvard Hrat LTD, |
| Date of publication, distribution, etc. | 2010. |
| 300 ## - PHYSICAL DESCRIPTION | |
| Extent | 90 p. : |
| Other physical details | ill., tabs. |
| 650 14 - SUBJECT ADDED ENTRY--TOPICAL TERM | |
| Topical term or geographic name entry element | Logic |
| 650 14 - SUBJECT ADDED ENTRY--TOPICAL TERM | |
| Topical term or geographic name entry element | Mathematics |
| 650 14 - SUBJECT ADDED ENTRY--TOPICAL TERM | |
| Topical term or geographic name entry element | Physics |
| 710 2# - ADDED ENTRY--CORPORATE NAME | |
| Corporate name or jurisdiction name as entry element | Institute of Philosophy, Sociology and Law NAS RA |
| Withdrawn status | Lost status | Damaged status | Not for loan | Collection | Home library | Current library | Date acquired | Cost, normal purchase price | Shelving control number | Total checkouts | Full call number | Barcode | Date last seen | Price effective from | Koha item type | Public note |
|---|---|---|---|---|---|---|---|---|---|---|---|---|---|---|---|---|
| General | Fundamental Scientific Library | Fundamental Scientific Library | 29/12/2016 | 1000.00 | И II/114478 | FL0150988 | 29/12/2016 | 29/12/2016 | Գրքեր / Books | 30 Days Loan | ||||||
| General | Fundamental Scientific Library | Fundamental Scientific Library | 29/12/2016 | 1000.00 | И II/114479 | FL0150987 | 29/12/2016 | 29/12/2016 | Գրքեր / Books | 30 Days Loan | ||||||
| General | Fundamental Scientific Library | Fundamental Scientific Library | 29/12/2016 | 1000.00 | И II/114480 | FL0150982 | 29/12/2016 | 29/12/2016 | Գրքեր / Books | 30 Days Loan | ||||||
| General | Fundamental Scientific Library | Fundamental Scientific Library | 29/12/2016 | 1000.00 | И II/114481 | FL0150980 | 29/12/2016 | 29/12/2016 | Գրքեր / Books | 30 Days Loan | ||||||
| General | Fundamental Scientific Library | Fundamental Scientific Library | 29/12/2016 | 1000.00 | И II/114482 | FL0150981 | 29/12/2016 | 29/12/2016 | Գրքեր / Books | 30 Days Loan |
ՀՀ Գիտությունների ազգային ակադեմիայի հիմնարար գիտական գրադարան = Fundamental Scientific Library of NAS RA
All site content, except where otherwise noted, is licensed under a